[Event "CZE-chT2A 1112"]
[Site "Czech Republic"]
[Date "2012.03.25"]
[Round "10"]
[White "Matyska, Jiri"]
[Black "Kratochvil, Milos"]
[Result "1-0"]
[WhiteElo "2047"]
[BlackElo "2058"]
[PlyCount "85"]
[EventDate "2011.10.09"]
[EventType "team-tourn"]
[EventRounds "11"]
[EventCountry "CZE"]
[SourceTitle "EXT 2013"]
[Source "ChessBase"]
[SourceDate "2012.11.22"]
[SourceVersion "1"]
[SourceVersionDate "2012.11.22"]
[SourceQuality "1"]
[WhiteTeam "Praha Dukla"]
[BlackTeam "Pisek"]
[WhiteTeamCountry "CZE"]
[BlackTeamCountry "CZE"]

1. d4 Nf6 2. c4 d6 3. Nc3 Nbd7 4. e4 e5 5. Nf3 Be7 6. Be2 0-0 7. 0-0 c6 8. Kh1 Re8 9. Qc2 Qc7 10. b3 Bf8 11. Ba3 b6 12. Rad1 Bb7 13. d5 cxd5 14. exd5 a6 15. Bd3 Rac8 16. Ne4 Nxe4 17. Bxe4 g6 18. Ng5 h6 19. Nxf7 Kxf7 20. Bxg6+ Kg7 21. Bh5 Kh8 22. Bxe8 Rxe8 23. Qg6 Qd8 24. Bxd6 Nf6 25. Bxf8 Rxf8 26. Qxh6+ Nh7 27. Rd3 Qf6 28. Rh3 Qxh6 29. Rxh6 Rf6 30. Rxf6 Nxf6 31. f3 Kg7 32. Re1 Nd7 33. g4 Kf6 34. h4 Bc8 35. Kg2 Nf8 36. h5 Nd7 37. Kg3 Kg5 38. Rh1 Nf6 39. h6 Kg6 40. h7 Nxh7 41. Rh5 Ng5 42. Rh8 Bd7 43. Rd8 1-0

[Event "CZE-chT2A 1112"]
[Site "Czech Republic"]
[Date "2011.11.20"]
[Round "3"]
[White "Beter, Arnost"]
[Black "Kratochvil, Milos"]
[Result "1/2-1/2"]
[WhiteElo "2025"]
[BlackElo "2058"]
[PlyCount "44"]
[EventDate "2011.10.09"]
[EventType "team-tourn"]
[EventRounds "11"]
[EventCountry "CZE"]
[SourceTitle "EXT 2013"]
[Source "ChessBase"]
[SourceDate "2012.11.22"]
[SourceVersion "1"]
[SourceVersionDate "2012.11.22"]
[SourceQuality "1"]
[WhiteTeam "Cesky Krumlov"]
[BlackTeam "Pisek"]
[WhiteTeamCountry "CZE"]
[BlackTeamCountry "CZE"]

1. e4 g6 2. d4 Bg7 3. Nf3 d6 4. Nc3 Nf6 5. Be3 0-0 6. Be2 c6 7. a4 Nbd7 8. 0-0 e5 9. dxe5 dxe5 10. Qd2 Qe7 11. Qc1 Nc5 12. Nd2 Ng4 13. Bxg4 Bxg4 14. f3 Be6 15. Ne2 a5 16. b3 f5 17. Qa3 b6 18. Nc4 Bxc4 19. bxc4 Rfd8 20. Rfd1 Bf8 21. Bxc5 bxc5 22. Qc3 Qc7 1/2-1/2

[Event "CZE-chT2A 1011"]
[Site "Czech Republic"]
[Date "2011.04.10"]
[Round "11"]
[White "Kratochvil, Milos"]
[Black "Lacina, Filip"]
[Result "0-1"]
[WhiteElo "2089"]
[BlackElo "1992"]
[PlyCount "42"]
[EventDate "2010.10.17"]
[EventType "team-tourn"]
[EventRounds "11"]
[EventCountry "CZE"]
[SourceTitle "EXT 2012"]
[Source "ChessBase"]
[SourceDate "2011.11.24"]
[SourceVersion "1"]
[SourceVersionDate "2011.11.24"]
[SourceQuality "1"]
[WhiteTeam "Pisek Platan"]
[BlackTeam "Vysehrad II"]
[WhiteTeamCountry "CZE"]
[BlackTeamCountry "CZE"]

1. d4 Nf6 2. c4 e6 3. Nc3 d5 4. cxd5 exd5 5. Bg5 Be7 6. e3 0-0 7. Qc2 Nbd7 8. Bd3 Re8 9. h3 Nf8 10. Nge2 g6 11. g4 Ne6 12. Bh4 c5 13. dxc5 d4 14. exd4 Nxd4 15. Nxd4 Qxd4 16. 0-0-0 Qxc5 17. Kb1 Be6 18. f4 Nd5 19. Nxd5 Qxc2+ 20. Bxc2 Bxd5 21. Bxe7 Bxh1 0-1

[Event "CZE-chT2A 1011"]
[Site "Czech Republic"]
[Date "2010.11.21"]
[Round "3"]
[White "Kratochvil, Milos"]
[Black "Bernasek, Vaclav"]
[Result "0-1"]
[WhiteElo "2089"]
[BlackElo "2159"]
[PlyCount "86"]
[EventDate "2010.10.17"]
[EventType "team-tourn"]
[EventRounds "11"]
[EventCountry "CZE"]
[SourceTitle "EXT 2012"]
[Source "ChessBase"]
[SourceDate "2011.11.24"]
[SourceVersion "1"]
[SourceVersionDate "2011.11.24"]
[SourceQuality "1"]
[WhiteTeam "Pisek Platan"]
[BlackTeam "Zizkov"]
[WhiteTeamCountry "CZE"]
[BlackTeamCountry "CZE"]

1. d4 Nf6 2. c4 g6 3. Nc3 Bg7 4. e4 0-0 5. Be3 d6 6. f3 Nc6 7. Nge2 a6 8. Qd2 Rb8 9. Nc1 e5 10. Nb3 Nh5 11. d5 Ne7 12. g4 Nf6 13. 0-0-0 b6 14. Bh6 Kh8 15. h4 Bxh6 16. Qxh6 Neg8 17. Qe3 h5 18. g5 Nd7 19. Kb1 Qe8 20. Nc1 Nc5 21. b4 Na4 22. Nxa4 Qxa4 23. Qb3 Qxb3+ 24. Nxb3 f6 25. gxf6 Rxf6 26. Be2 Bd7 27. Rc1 a5 28. b5 Rf4 29. Rcg1 Kh7 30. Nc1 Nh6 31. Kc2 Rh8 32. Kd2 Rff8 33. Nd3 Nf7 34. Ke3 Kh6 35. Rh2 Be8 36. f4 Bd7 37. fxe5 Nxe5 38. Nxe5 dxe5 39. c5 Rf4 40. Rg5 Rxh4 41. Rxh4 Kxg5 42. Rh2 bxc5 43. Bf3 Bxb5 0-1

[Event "CZE-chT2A 0910"]
[Site "Czech Republic"]
[Date "2009.11.08"]
[Round "2.7"]
[White "Turner, Radek"]
[Black "Kratochvil, Milos"]
[Result "1/2-1/2"]
[WhiteElo "2066"]
[BlackElo "2172"]
[PlyCount "82"]
[EventDate "2009.10.18"]
[EventType "team-tourn"]
[EventRounds "11"]
[EventCountry "CZE"]
[SourceTitle "EXT 2012"]
[Source "ChessBase"]
[SourceDate "2011.11.24"]
[SourceVersion "1"]
[SourceVersionDate "2011.11.24"]
[SourceQuality "1"]
[WhiteTeam "Kozolupy"]
[BlackTeam "Pisek Platan"]
[WhiteTeamCountry "CSR"]
[BlackTeamCountry "CZE"]

1. c4 g6 2. g3 Bg7 3. Bg2 d6 4. Nc3 e5 5. e4 Ne7 6. Nge2 0-0 7. 0-0 c5 8. Rb1 Nbc6 9. a3 Be6 10. d3 Qd7 11. Nd5 Bxd5 12. cxd5 Nd4 13. b4 b6 14. bxc5 Nxe2+ 15. Qxe2 dxc5 16. Qa2 Nc8 17. Bb2 Nd6 18. f4 f6 19. fxe5 fxe5 20. Qa1 Rxf1+ 21. Rxf1 Re8 22. Qd1 Nb5 23. Qa4 Re7 24. Rb1 Nd6 25. Qxd7 Rxd7 26. a4 Rc7 27. Ba3 Bh6 28. Kf2 Bf8 29. Rc1 Nb7 30. Bh3 Bd6 31. Ke2 Kg7 32. Rc3 Na5 33. Bc1 Nb7 34. Bd2 Kg8 35. Rc1 Kg7 36. Be6 Nd8 37. Bg4 Nb7 38. h4 h5 39. Bf3 Na5 40. Rc3 Nb7 41. Bg2 Be7 1/2-1/2

[Event "CZE-chT2A 0809"]
[Site "Czech Republic"]
[Date "2009.01.25"]
[Round "7.6"]
[White "Kratochvil, Milos"]
[Black "Vohnout, Pavel"]
[Result "1-0"]
[WhiteElo "2148"]
[BlackElo "2068"]
[PlyCount "77"]
[EventDate "2008.10.12"]
[EventType "team-tourn"]
[EventRounds "11"]
[EventCountry "CZE"]
[SourceTitle "EXT 2010"]
[Source "ChessBase"]
[SourceDate "2010.11.25"]
[SourceVersion "1"]
[SourceVersionDate "2010.11.25"]
[SourceQuality "1"]
[WhiteTeam "Pisek Platan"]
[BlackTeam "Zizkov"]
[WhiteTeamCountry "CZE"]
[BlackTeamCountry "CZE"]

1. d4 d5 2. c4 e6 3. Nc3 Nf6 4. cxd5 exd5 5. Bg5 Be7 6. e3 c6 7. Bd3 Nbd7 8. Qc2 0-0 9. Nge2 Re8 10. 0-0 Ne4 11. Bf4 f5 12. h3 Bf6 13. b4 Nf8 14. Rab1 Be6 15. b5 Nd7 16. bxc6 bxc6 17. Ba6 Qa5 18. Bb7 Rad8 19. Nxe4 dxe4 20. Qxc6 Nb6 21. Bc7 Bd5 22. Bxb6 axb6 23. Qxb6 Qxb6 24. Rxb6 Bxa2 25. Nc3 Bf7 26. Na4 f4 27. Nc5 fxe3 28. fxe3 Bd5 29. Bxd5+ Rxd5 30. Rd1 Bg5 31. Kf2 Rf5+ 32. Ke2 Bh4 33. Rf1 Rg5 34. g4 h5 35. Rf4 hxg4 36. hxg4 Bg3 37. Rxe4 Ra8 38. Rb2 Rf8 39. Kd3 1-0

[Event "CZE-chT2a 0405"]
[Site "Czech Republic"]
[Date "2004.12.05"]
[Round "4.2"]
[White "Kratochvil, Milos"]
[Black "Cedikova, Katerina"]
[Result "1/2-1/2"]
[WhiteElo "2127"]
[BlackElo "2263"]
[PlyCount "83"]
[EventDate "2004.10.17"]
[EventType "team"]
[EventRounds "11"]
[EventCountry "CZE"]
[SourceTitle "EXT 2007"]
[Source "ChessBase"]
[SourceDate "2006.11.23"]
[SourceVersion "1"]
[SourceVersionDate "2006.11.23"]
[SourceQuality "1"]
[WhiteTeam "Pisek"]
[BlackTeam "Klatovy"]
[WhiteTeamCountry "CZE"]
[BlackTeamCountry "CZE"]

1. d4 Nf6 2. c4 c5 3. d5 g6 4. Nc3 Bg7 5. e4 d6 6. Bd3 0-0 7. Nge2 e6 8. h3 exd5 9. cxd5 a6 10. a4 Nbd7 11. 0-0 Re8 12. f4 c4 13. Bc2 Nc5 14. Ng3 Rb8 15. Be3 Ncxe4 16. Ncxe4 Nxe4 17. Nxe4 Bf5 18. Qf3 Bxe4 19. Bxe4 Qe7 20. Ba7 Ra8 21. Rae1 Rxa7 22. Bxg6 Qxe1 23. Rxe1 Rxe1+ 24. Kh2 b5 25. Bc2 Rae7 26. Qh5 h6 27. Qf5 R1e2 28. axb5 axb5 29. Qc8+ Re8 30. Qd7 R8e3 31. Qc8+ Bf8 32. Qf5 Bg7 33. Qc8+ Re8 34. Qd7 Ra8 35. Qf5 b4 36. b3 c3 37. Bd3 Rd2 38. Be4 Re8 39. Bd3 Re3 40. Qc8+ Bf8 41. Qg4+ Kh8 42. Qc8 1/2-1/2

[Event "CZE-chT2a 0405"]
[Site "Czech Republic"]
[Date "2004.11.07"]
[Round "2.3"]
[White "Stluka, Petr"]
[Black "Kratochvil, Milos"]
[Result "1-0"]
[WhiteElo "2203"]
[BlackElo "2127"]
[PlyCount "131"]
[EventDate "2004.10.17"]
[EventType "team"]
[EventRounds "11"]
[EventCountry "CZE"]
[SourceTitle "EXT 2007"]
[Source "ChessBase"]
[SourceDate "2006.11.23"]
[SourceVersion "1"]
[SourceVersionDate "2006.11.23"]
[SourceQuality "1"]
[WhiteTeam "Pribram"]
[BlackTeam "Pisek"]
[WhiteTeamCountry "CZE"]
[BlackTeamCountry "CZE"]

1. Nf3 g6 2. c4 Bg7 3. Nc3 c5 4. e3 Nf6 5. d4 0-0 6. Be2 d5 7. cxd5 Nxd5 8. Qb3 Nxc3 9. bxc3 cxd4 10. cxd4 b6 11. 0-0 Bb7 12. Ba3 Nc6 13. Rac1 Rc8 14. Rfd1 Na5 15. Qa4 Bc6 16. Bb5 Bxb5 17. Qxb5 Re8 18. Rxc8 Qxc8 19. Rc1 Qb8 20. Qd7 Bf8 21. Bb4 Rd8 22. Qc7 e6 23. Bxa5 bxa5 24. Qxa5 Rc8 25. Rxc8 Qxc8 26. g3 Qb7 27. Ne5 f6 28. Ng4 Qf3 29. h3 h5 30. Nh2 Qb7 31. Nf1 Kf7 32. Qa4 Bd6 33. Qb3 Qc7 34. h4 a5 35. Kg2 Qc6+ 36. Kg1 a4 37. Qb1 a3 38. Nd2 Qa6 39. Qb3 Be7 40. Nc4 Qa7 41. Qb5 Qa8 42. Nd2 Qc8 43. Qc4 Qb7 44. Nb3 f5 45. Nc5 Qc6 46. Qa4 Qxa4 47. Nxa4 Bb4 48. Nb6 Kf6 49. Kg2 g5 50. hxg5+ Kxg5 51. Nd7 Kg6 52. Kf3 Kg5 53. Ne5 Be7 54. Ke2 Bb4 55. Nd3 Be7 56. Ne5 Kf6 57. Kd3 Bd6 58. Nf3 Ke7 59. e4 fxe4+ 60. Kxe4 Kf6 61. Ne1 Bb4 62. Nd3 Bd2 63. Nf4 Be1 64. Nxh5+ Kg5 65. Nf4 Bxf2 66. Nh3+ 1-0

[Event "Plzen op-A 9th"]
[Site "Plzen"]
[Date "2003.08.24"]
[Round "9"]
[White "Vagner, Tomas"]
[Black "Kratochvil, Milos"]
[Result "1/2-1/2"]
[WhiteElo "2161"]
[BlackElo "2102"]
[PlyCount "62"]
[EventDate "2003.08.16"]
[EventType "swiss"]
[EventRounds "9"]
[EventCountry "CZE"]
[SourceTitle "CBM 095 Extra"]
[Source "ChessBase"]
[SourceDate "2003.09.04"]
[SourceVersion "1"]
[SourceVersionDate "2003.09.04"]
[SourceQuality "1"]

1. e4 g6 2. d4 Bg7 3. f4 c6 4. Nf3 d5 5. e5 Bg4 6. h3 Bxf3 7. Qxf3 h5 8. f5 gxf5 9. Qxf5 e6 10. Qf2 f5 11. Be2 Qe7 12. Nd2 Nd7 13. Nf3 Bh6 14. Bxh6 Rxh6 15. 0-0-0 0-0-0 16. h4 Qg7 17. Ng5 Nf8 18. Rh3 Rd7 19. Rg3 Qh8 20. Nh3 Ne7 21. Rdd3 Neg6 22. Rg5 Rf7 23. Nf4 Nxf4 24. Qxf4 Ng6 25. Qd2 Rg7 26. Rdg3 f4 27. Ra3 Nxh4 28. Qxf4 Nxg2 29. Qg3 h4 30. Qxg2 h3 31. Qg4 Rxg5 1/2-1/2

[Event "Plzen op-A 9th"]
[Site "Plzen"]
[Date "2003.08.23"]
[Round "8"]
[White "Kratochvil, Milos"]
[Black "Cedikova, Katerina"]
[Result "1/2-1/2"]
[WhiteElo "2102"]
[BlackElo "2168"]
[PlyCount "79"]
[EventDate "2003.08.16"]
[EventType "swiss"]
[EventRounds "9"]
[EventCountry "CZE"]
[SourceTitle "CBM 095 Extra"]
[Source "ChessBase"]
[SourceDate "2003.09.04"]
[SourceVersion "1"]
[SourceVersionDate "2003.09.04"]
[SourceQuality "1"]

1. d4 Nf6 2. c4 g6 3. Nc3 Bg7 4. e4 d6 5. f3 0-0 6. Be3 Nc6 7. Nge2 a6 8. Qd2 Rb8 9. g4 b5 10. 0-0-0 bxc4 11. h4 Nb4 12. Ng3 c5 13. h5 Bxg4 14. Bxc4 cxd4 15. Bxd4 Qc7 16. Bb3 Be6 17. hxg6 Bxb3 18. gxh7+ Kh8 19. Nf5 Nxa2+ 20. Kb1 Nxc3+ 21. Bxc3 Bxd1 22. Qg2 Rxb2+ 23. Bxb2 Bc2+ 24. Qxc2 Qxc2+ 25. Kxc2 Ne8 26. Nxe7 Bxb2 27. Kxb2 Nf6 28. Nf5 Nxh7 29. Nxd6 Kg7 30. Nf5+ Kg8 31. Rg1+ Kh8 32. Kc3 Nf6 33. Kd4 Re8 34. e5 Nd7 35. f4 f6 36. Nd6 fxe5+ 37. fxe5 Re7 38. Rh1+ Kg8 39. Rg1+ Kh7 40. Rh1+ 1/2-1/2

[Event "CZE-chT2J 0203"]
[Site "Czech Republic"]
[Date "2003.??.??"]
[Round "5"]
[White "Kratochvil, Milos"]
[Black "Chalupa, Ivan"]
[Result "1/2-1/2"]
[WhiteElo "2093"]
[BlackElo "2102"]
[PlyCount "21"]
[EventDate "2002.10.??"]
[EventType "team"]
[EventRounds "11"]
[EventCountry "CZE"]
[SourceTitle "EXT 2007"]
[Source "ChessBase"]
[SourceDate "2006.11.23"]
[SourceVersion "1"]
[SourceVersionDate "2006.11.23"]
[SourceQuality "1"]

1. d4 d5 2. c4 e6 3. Nc3 Nf6 4. cxd5 exd5 5. Bg5 Be7 6. e3 0-0 7. Bd3 h6 8. Bh4 Nbd7 9. Qc2 c6 10. Nge2 Re8 11. 0-0 1/2-1/2

[Event "CZE-chT2J 0203"]
[Site "Czech Republic"]
[Date "2002.??.??"]
[Round "8"]
[White "Kratochvil, Milos"]
[Black "Pechoc, Bohumil"]
[Result "1-0"]
[WhiteElo "2093"]
[BlackElo "1977"]
[PlyCount "109"]
[EventDate "2002.10.??"]
[EventType "team"]
[EventRounds "11"]
[EventCountry "CZE"]
[SourceTitle "EXT 2007"]
[Source "ChessBase"]
[SourceDate "2006.11.23"]
[SourceVersion "1"]
[SourceVersionDate "2006.11.23"]
[SourceQuality "1"]

1. d4 f5 2. g3 Nf6 3. Bg2 g6 4. c4 Bg7 5. Nc3 0-0 6. Nh3 e6 7. 0-0 d5 8. Qb3 c6 9. Rd1 Kh8 10. Bf4 h6 11. Be5 Kh7 12. f3 Nbd7 13. Bxf6 Nxf6 14. Nf2 dxc4 15. Qxc4 Nd5 16. Qd3 f4 17. Ng4 Qb6 18. Na4 Qb4 19. b3 b5 20. a3 Qd6 21. Nc5 h5 22. Ne4 Qd8 23. Ne5 Ne3 24. Rd2 Nf5 25. gxf4 Bxe5 26. fxe5 Qh4 27. e3 Kh6 28. Rc2 Ne7 29. f4 a5 30. Rf1 Kg7 31. Rcc1 a4 32. b4 Ra7 33. Rf3 Nf5 34. Rh3 Qe7 35. Rxc6 Rc7 36. Rxc7 Qxc7 37. Nc5 Bd7 38. Be4 Rg8 39. Kf1 Qc8 40. Bf3 Qe8 41. Qd2 Kh7 42. Ne4 Rf8 43. Qe2 Qc8 44. Nc5 Ng7 45. Be4 Nf5 46. Qf3 Rf7 47. Ke2 Kg7 48. Qg2 Kh7 49. Qg5 Qe8 50. Bf3 Rg7 51. Ne4 Rf7 52. Bxh5 Nxd4+ 53. exd4 Rf5 54. Bxg6+ Kg7 55. Bxf5+ 1-0

[Event "CZE-chTJ 0102"]
[Site "Czech Republic"]
[Date "2002.??.??"]
[Round "7"]
[White "Kratochvil, Milos"]
[Black "Randa, Miroslav"]
[Result "0-1"]
[WhiteElo "2071"]
[BlackElo "1981"]
[PlyCount "74"]
[EventDate "2001.??.??"]
[EventType "team"]
[EventRounds "11"]
[EventCountry "CZE"]
[SourceTitle "EXT 2003"]
[Source "ChessBase"]
[SourceDate "2002.11.25"]
[SourceVersion "1"]
[SourceVersionDate "2002.11.25"]
[SourceQuality "1"]
[WhiteTeam "Pisek"]
[BlackTeam "Line"]
[WhiteTeamCountry "CZE"]
[BlackTeamCountry "CZE"]

1. d4 Nf6 2. c4 g6 3. Nc3 d5 4. Nf3 Bg7 5. Qb3 dxc4 6. Qxc4 c6 7. Qb3 Qb6 8. Qc2 Bg4 9. Be3 Nd5 10. Nxd5 cxd5 11. Ne5 Bf5 12. Qd2 h5 13. g3 Nc6 14. Nxc6 bxc6 15. Bg2 h4 16. 0-0 a5 17. Rac1 a4 18. Rc3 Bd7 19. Rd1 hxg3 20. fxg3 Ra5 21. h4 Rb5 22. Qc2 Rb4 23. a3 Rxb2 24. Qxa4 0-0 25. Bxd5 cxd5 26. Qxd7 Rxe2 27. Qxd5 Qb2 28. Qf3 Rd8 29. Rcd3 Rc8 30. R3d2 Rxd2 31. Rxd2 Qxa3 32. Rf2 Qb3 33. d5 f5 34. Bg5 Rc3 35. Qe2 Rxg3+ 36. Rg2 Bd4+ 37. Kh2 Rh3# 0-1

[Event "CZE-chT2J 0203"]
[Site "Czech Republic"]
[Date "2002.??.??"]
[Round "8"]
[White "Kratochvil, Milos"]
[Black "Sykora, Petr"]
[Result "0-1"]
[WhiteElo "2093"]
[BlackElo "2066"]
[PlyCount "89"]
[EventDate "2002.10.??"]
[EventType "team"]
[EventRounds "11"]
[EventCountry "CZE"]
[SourceTitle "EXT 2007"]
[Source "ChessBase"]
[SourceDate "2006.11.23"]
[SourceVersion "1"]
[SourceVersionDate "2006.11.23"]
[SourceQuality "1"]

1. d4 g6 2. c4 Bg7 3. Nc3 Nf6 4. e4 d6 5. f3 0-0 6. Be3 Nc6 7. Nge2 a6 8. Qd2 Rb8 9. h4 h5 10. Nd5 e5 11. Bg5 b5 12. cxb5 axb5 13. Rc1 Bb7 14. Nxf6+ Bxf6 15. d5 Nd4 16. Nxd4 exd4 17. Bxf6 Qxf6 18. Rxc7 Rfe8 19. Bxb5 Re5 20. Bc6 Ba6 21. Ra7 Rb6 22. Qh6 Qd8 23. b3 Bd3 24. Ra8 Rb8 25. Rxb8 Qxb8 26. Kf2 Qa7 27. Qd2 Bxe4 28. fxe4 d3+ 29. Kg3 Rxe4 30. Re1 Rxe1 31. Qxe1 Qxa2 32. Qf2 d2 33. Be8 Qxb3+ 34. Kh2 Qxd5 35. Bxf7+ Qxf7 36. Qxd2 Qe6 37. g3 Kg7 38. Qc3+ Kf7 39. Qc2 d5 40. Qc7+ Kf6 41. Qd8+ Ke5 42. Qg5+ Qf5 43. Qe7+ Kd4 44. Qb4+ Ke3 45. Qe1+ 0-1

[Event "CZE-chTJ 0102"]
[Site "Czech Republic"]
[Date "2002.??.??"]
[Round "8"]
[White "Kratochvil, Milos"]
[Black "Tochor, Zdenek"]
[Result "1-0"]
[WhiteElo "2071"]
[BlackElo "2027"]
[PlyCount "37"]
[EventDate "2001.??.??"]
[EventType "team"]
[EventRounds "11"]
[EventCountry "CZE"]
[SourceTitle "EXT 2003"]
[Source "ChessBase"]
[SourceDate "2002.11.25"]
[SourceVersion "1"]
[SourceVersionDate "2002.11.25"]
[SourceQuality "1"]
[WhiteTeam "Pisek"]
[BlackTeam "Domazlice"]
[WhiteTeamCountry "CZE"]
[BlackTeamCountry "CZE"]

1. d4 f5 2. g3 Nf6 3. Bg2 g6 4. c4 Bg7 5. Nc3 0-0 6. Nh3 d6 7. d5 e5 8. dxe6 c6 9. Nf4 g5 10. Nd3 h6 11. h4 Ne4 12. Nxe4 fxe4 13. Bxe4 Bxe6 14. hxg5 Bxc4 15. gxh6 Bf6 16. h7+ Kh8 17. Nf4 Bf7 18. Bg6 Qe8 19. Qd3 1-0

[Event "Pribram op"]
[Site "Pribram"]
[Date "2002.??.??"]
[Round "4"]
[White "Stluka, Petr"]
[Black "Kratochvil, Milos"]
[Result "1/2-1/2"]
[WhiteElo "2206"]
[BlackElo "2092"]
[PlyCount "25"]
[EventDate "2002.09.??"]
[EventType "swiss"]
[EventRounds "9"]
[EventCountry "CZE"]
[SourceTitle "EXT 2003"]
[Source "ChessBase"]
[SourceDate "2002.11.25"]
[SourceVersion "1"]
[SourceVersionDate "2002.11.25"]
[SourceQuality "1"]

1. d3 d6 2. Nf3 Nf6 3. c3 e5 4. Nbd2 Be7 5. g3 0-0 6. Bg2 Nbd7 7. 0-0 c6 8. Qc2 Qc7 9. b3 a5 10. a3 Re8 11. Bb2 Bf8 12. b4 b6 13. e4 1/2-1/2

[Event "CZE-chT2J 0203"]
[Site "Czech Republic"]
[Date "2002.??.??"]
[Round "8"]
[White "Zboril, Jaroslav"]
[Black "Kratochvil, Milos"]
[Result "0-1"]
[WhiteElo "2019"]
[BlackElo "2093"]
[PlyCount "80"]
[EventDate "2002.10.??"]
[EventType "team"]
[EventRounds "11"]
[EventCountry "CZE"]
[SourceTitle "EXT 2007"]
[Source "ChessBase"]
[SourceDate "2006.11.23"]
[SourceVersion "1"]
[SourceVersionDate "2006.11.23"]
[SourceQuality "1"]

1. d4 Nf6 2. Bg5 c5 3. d5 Qb6 4. Nc3 d6 5. e4 Nbd7 6. Nf3 g6 7. Nd2 Bg7 8. Nc4 Qc7 9. a4 0-0 10. Be2 b6 11. 0-0 a6 12. f4 Kh8 13. Bf3 Rb8 14. e5 dxe5 15. fxe5 Nxe5 16. Bf4 Nfd7 17. Re1 b5 18. axb5 axb5 19. d6 exd6 20. Nxd6 b4 21. Ncb5 Qb6 22. Bd5 Ba6 23. Nc4 Nxc4 24. Bxc4 Bxb5 25. Bxb5 Qxb5 26. Bxb8 Nxb8 27. Qd6 Qc6 28. Qe7 Kg8 29. Rad1 Bf6 30. Qa7 Bxb2 31. Re7 Bd4+ 32. Kh1 Qf6 33. Rb7 Nc6 34. Qa6 Nd8 35. Rb6 Ne6 36. Rf1 Qe5 37. Rb7 Nd8 38. Rd7 Qe6 39. Rd6 Qe7 40. Qb6 Qe2 0-1

[Event "Prague AKO op"]
[Site "Prague"]
[Date "2001.??.??"]
[Round "?"]
[White "Belaska, Premysl"]
[Black "Kratochvil, Milos"]
[Result "1-0"]
[WhiteElo "2275"]
[BlackElo "2070"]
[PlyCount "71"]
[EventDate "2001.??.??"]
[EventType "swiss"]
[EventRounds "9"]
[EventCountry "CZE"]
[SourceTitle "EXT 2003"]
[Source "ChessBase"]
[SourceDate "2002.11.25"]
[SourceVersion "1"]
[SourceVersionDate "2002.11.25"]
[SourceQuality "1"]

1. e4 e5 2. Nf3 Nc6 3. Bb5 a6 4. Ba4 Nf6 5. 0-0 Be7 6. Re1 b5 7. Bb3 d6 8. c3 0-0 9. h3 Nb8 10. d3 Nbd7 11. Nbd2 h6 12. Nf1 Re8 13. Ne3 Bf8 14. g4 Nc5 15. Bc2 g6 16. Kh2 c6 17. b4 Ne6 18. Rg1 Nf4 19. Nf1 h5 20. Bxf4 exf4 21. gxh5 Nxh5 22. N1d2 Bg7 23. d4 c5 24. bxc5 dxc5 25. Nb3 c4 26. Nc5 Bf8 27. Rg5 Bxc5 28. Rxc5 Bb7 29. Ne5 Qh4 30. Qf3 Nf6 31. Rg1 Bc8 32. Nxg6 fxg6 33. Rxg6+ Kf8 34. e5 Bg4 35. Qxf4 Re6 36. Rxg4 1-0

[Event "Prague AKO op"]
[Site "Prague"]
[Date "2001.??.??"]
[Round "?"]
[White "Hajek, Josef"]
[Black "Kratochvil, Milos"]
[Result "0-1"]
[WhiteElo "2145"]
[BlackElo "2070"]
[PlyCount "94"]
[EventDate "2001.??.??"]
[EventType "swiss"]
[EventRounds "9"]
[EventCountry "CZE"]
[SourceTitle "EXT 2003"]
[Source "ChessBase"]
[SourceDate "2002.11.25"]
[SourceVersion "1"]
[SourceVersionDate "2002.11.25"]
[SourceQuality "1"]

1. e4 d5 2. exd5 Qxd5 3. d4 Nf6 4. Nf3 Bf5 5. Be2 c6 6. 0-0 e6 7. Bf4 Qe4 8. Bxb8 Rxb8 9. Bd3 Qd5 10. Re1 Bxd3 11. Qxd3 Be7 12. c4 Qd8 13. Nc3 0-0 14. Ne4 Nxe4 15. Qxe4 Bf6 16. Ne5 Bxe5 17. Qxe5 b5 18. b3 bxc4 19. bxc4 Rb4 20. Qc5 Qb6 21. Qxb6 Rxb6 22. Re2 Rd8 23. Rd2 Rb4 24. Rc1 Kf8 25. Kf1 Ra4 26. Ke2 Ke7 27. Rc3 Ra5 28. Rb3 Rd7 29. Rh3 h5 30. Re3 f6 31. h4 Ra4 32. Rc3 e5 33. d5 cxd5 34. cxd5 Rxh4 35. Rc6 Rd4 36. Rxd4 exd4 37. Re6+ Kf7 38. Ra6 Rxd5 39. Rxa7+ Kg6 40. Kd3 Rf5 41. Ke2 d3+ 42. Ke3 Rd5 43. Kd2 h4 44. a4 Rg5 45. Rd7 Rxg2 46. Ke3 h3 47. Rd8 Rg5 0-1